Vermont County Seats - Statistics

General Stats
  • This quiz has been taken 37 times
  • The average score is 7 of 14
Answer Stats
County County Seat % Correct
Chittenden Burlington
94%
Washington Montpelier
88%
Bennington Bennington/Manchester
75%
Rutland Rutland
75%
Caledonia St. Johnsbury
63%
Franklin St. Albans
50%
Addison Middlebury
38%
Grand Isle North Hero
38%
Orleans Newport
31%
Windsor Woodstock
31%
Essex Guildhall
25%
Orange Chelsea
19%
Lamoille Hyde Park
19%
Windham Newfane
13%
No matching quizzes found
Score Distribution
Percent of People with Each Score
Percentile by Number Answered
Your Score History
You have not taken this quiz